Central Library OPAC University of Rajshahi

The poet's way of knowledge / (Record no. 21171)

MARC details
000 -LEADER
fixed length control field 00800nam a22002651 4500
001 - CONTROL NUMBER
control field 21171
003 - CONTROL NUMBER IDENTIFIER
rucl marc code BD-RjUL
005 - DATE AND TIME OF LATEST TRANSACTION
control field 20211209000645.0
008 - FIXED-LENGTH DATA ELEMENTS--GENERAL INFORMATION
fixed length control field 140303s1957 enk 000 0 eng c
035 ## - SYSTEM CONTROL NUMBER
System control number (BD-RjUL)21235
System control number (OCoLC)345790
040 ## - CATALOGING SOURCE
Original cataloging agency Rochester. Univ. Libr.
Transcribing agency ODaWU
Modifying agency OCoLC
-- Uk
-- DLC
-- BD-RjUL
Language of cataloging eng
041 ## - LANGUAGE CODE
Language code of text/sound track or separate title eng
082 ## - DEWEY DECIMAL CLASSIFICATION NUMBER
Classification number 808.1
Author mark and year LEP 1957
100 2# - MAIN ENTRY--PERSONAL NAME
Personal name Lewis, C. Day
Fuller form of name (Cecil),
Dates associated with a name 1904-1972.
9 (RLIN) 65426
245 14 - TITLE STATEMENT
Title The poet's way of knowledge /
Statement of responsibility, etc. C Day Lewis
260 ## - PUBLICATION, DISTRIBUTION, ETC. (IMPRINT)
Place of publication, distribution, etc. Cambridge [Eng.] :
Name of publisher, distributor, etc. University Press,
Date of publication, distribution, etc. 1957.
300 ## - PHYSICAL DESCRIPTION
Pagination 32 p. ;
Size 19 cm.
650 #0 - SUBJECT ADDED ENTRY--TOPICAL TERM
Topical term or geographic name as entry element Poetry.
9 (RLIN) 65428
Topical term or geographic name as entry element Literature and science.
9 (RLIN) 53108
942 ## - ADDED ENTRY ELEMENTS (KOHA)
Source of classification or shelving scheme Dewey Decimal Classification
Koha item type Books
Holdings
Lost status Source of classification or shelving scheme Damaged status Not for loan Collection code Permanent Location Current Location Shelving location Date acquired Source of acquisition Cost, normal purchase price Total Checkouts Full call number Date last seen Copy number Koha item type
  Dewey Decimal Classification   Added to bundle Fiction Central Library, University of Rajshahi Central Library, University of Rajshahi Reading Room 29/11/1969 Zeit 0.60   808.1 LEP 1957 03/03/2014 C-1 Books